000 00762cam a22002771 4500
001 75198
003 BD-RjUL
005 20211209082647.0
008 111104s1970 enka i 001 0 eng
035 _a(BD-RjUL)
040 _aDLC
_cDLC
_dDLC
_beng
041 _aeng
082 _223
_a535
_bMAT 1970
100 1 _aMackinnon, L.
_q(Lachlan),
_d1917-
_9227545
245 1 2 _aA textbook on light /
_cK.G. Mazumdar
260 _a[Calcutta]:
_bB.B. Brathers ,
_c1970
300 _a735 p.
_billus.
_c23 cm.
500 _aIncludes Index
650 0 _aOptics.
_9227546
906 _a0
_bcbc
_cpremunv
_d3
_encip
_f19
_gy-gencatlg
942 _2ddc
_cBK
999 _c75198
_d75198